| 000 | 00465nam a22001817a 4500 | ||
|---|---|---|---|
| 003 | NUST - PNEC | ||
| 005 | 20170116181155.0 | ||
| 008 | 160111b xxu||||| |||| 00| 0 eng d | ||
| 020 | _a- | ||
| 040 | _cLIBRARY | ||
| 082 | _a923.1549 AYU | ||
| 100 |
_915874 _aAyub, Muhamad Khan |
||
| 245 |
_aFriends not masters : a political autobiography _cMohammad Ayub Khan |
||
| 250 | _a- | ||
| 260 | _cc.1967 | ||
| 650 |
_915877 _aPolitical _xGeneral |
||
| 942 |
_2ddc _cBK |
||
| 999 |
_c71183 _d71183 |
||